000 01436nam0a22003011 4500
001 2561007
005 20260531111858.0
021 _aRU
_b3337-80
035 _a(NLR Aleph) 006446150
090 _a5690840
_c5690840
100 _a20110316d1979 u y0rusy50 ca
101 0 _arus
102 _aRU
105 _aa c |||||
200 1 _aРасчеты и испытания на прочность в машиностроении
_eМетод. указания
_fРазраб. ФМИ АН УССР (головная орг.) и др.
_iМетоды механических испытаний металлов
_iОпределение характеристик сопротивления развитию трещины (трещиностойкости) при циклическом нагружении
205 _a1-я ред.
210 _aЛьвов
_cБ. и.
_d1979
215 _a115 с.
_cил.
_d19
300 _aВ надзаг.: ВНИИ по нормализации в машиностроении, АН УССР, Физ.-мех. ин-т
320 _aБиблиогр.: с. 111-114
686 _aК206.22-1я82
_2rubbk
712 0 2 _aФизико-механический институт им. Г. В. Карпенко
_cЛьвов
_9417419
_3RU\NLR\AUTH\889960570
801 0 _aRU
_bNLR
_gpsbo
801 1 _aRU
_bELAR
_2rusmarc
852 _aNLR
_jDesideratum
899 _aRuMoRGB
_jB 80-57/214
942 _cBOOK
980 _aNB